YG Discography - Statistics

General Stats
  • This quiz has been taken 4 times
    3 since last reset
  • The average score is 3 of 18
Answer Stats
Year Name Type % Correct
2014 My Krazy Life Album
100%
2022* I Got Issues Album
50%
2011 Just Re'd Up Mixtape
50%
2021 Kommunity Service Album (Collab)
50%
2020 My Life 4Hunnid Album
50%
2009 4Fingaz Mixtape
0%
2012 4Hunnid Degreez Mixtape
0%
2021 4Hunnid Presents: Gang Affiliated Mixtape (Collab)
0%
2019 4Real 4 Real Album
0%
2014 Blame It On the Streets Soundtrack
0%
2013 Boss Yo Life Up Gang Mixtape (Collab)
0%
2015 California Livin' Mixtape (Collab)
0%
2013 Just Re'd Up 2 Mixtape
0%
2016 Red Friday Mixtape
0%
2018 Stay Dangerous Album
0%
2016 Still Brazy Album
0%
2009 The Real 4Fingaz Mixtape
0%
2011 Young and Hung...over Mixtape (Collab)
0%
No matching quizzes found
Score Distribution
Percent of People with Each Score
Percentile by Number Answered
Your Score History
You have not taken this quiz since the last reset